| 000 | 00742nam a22002537a 4500 | ||
|---|---|---|---|
| 003 | dpl | ||
| 005 | 20170124105918.0 | ||
| 008 | 161126b xxu||||| |||| 00| 0 eng d | ||
| 010 | _aA-710507 | ||
| 020 | _c00.00 | ||
| 035 | _aA-710507 | ||
| 037 | _bCen Lib/Ret | ||
| 040 |
_aDPL _bEN _cTIT |
||
| 082 |
_a181.45 _bGHA |
||
| 100 |
_aGhai, O.P. _93259 |
||
| 245 |
_aThe Bhagved gita / _cby O. P. Ghai |
||
| 260 |
_aNew Delhi _bInstitute of Personal Development _c1990 |
||
| 270 |
_aL-10,Green Prk extension _bNew Delhi _e110017 |
||
| 300 |
_ax,116p. _c22cm (Hb) |
||
| 500 | _aIncludes glossary and index | ||
| 650 |
_aReligion-Hindu _9106705 |
||
| 650 |
_ascriptural text-Gita _93261 |
||
| 942 |
_2ddc _cEN _h181.45 _mGHA |
||
| 999 |
_c122953 _d122953 |
||